Základné princípy efektívneho výkonu bankového dohľadu
Na 10. medzinárodnej konferencii bankových dohľadov, ktorá sa uskutočnila v októbri 1998 v Sydney, sa časť rokovaní zaoberala implementáciou a uplatňovaním základných princípov efektívneho výkonu bankového dohľadu v jednotlivých krajinách. Odporúčací charakter princípov, ich postupné zapracovanie do...
Enregistré dans:
| Auteur principal: | |
|---|---|
| Autres auteurs: | |
| Format: | Chapitre de livre |
| Langue: | slovaque |
| Sujets: | |
| Tags: |
Pas de tags, Soyez le premier à ajouter un tag!
|
MARC
| LEADER | 00000naa a2200000 4500 | ||
|---|---|---|---|
| 001 | r034873 | ||
| 005 | 20041019155602.5 | ||
| 041 | 0 | |a slo | |
| 044 | |a SK | ||
| 245 | 1 | 0 | |a Základné princípy efektívneho výkonu bankového dohľadu |c Izabela Fendeková, František Hetteš |
| 520 | |a Na 10. medzinárodnej konferencii bankových dohľadov, ktorá sa uskutočnila v októbri 1998 v Sydney, sa časť rokovaní zaoberala implementáciou a uplatňovaním základných princípov efektívneho výkonu bankového dohľadu v jednotlivých krajinách. Odporúčací charakter princípov, ich postupné zapracovanie do právneho rámca. | ||
| 610 | 2 | 0 | |a dohľad bankový |
| 610 | 2 | 0 | |a konferencie |
| 610 | 2 | 0 | |a Sydney |
| 610 | 2 | 0 | |a 1998 |
| 610 | 2 | 0 | |a legislatíva |
| 100 | 1 | |a Fendeková, Izabela | |
| 700 | 1 | |a Hetteš, František | |